000 01207nam a22002417a 4500
005 20100910112945.0
008 100910t xxu||||| |||| 00| 0 hin d
010 _aHIN-90423
020 _c80.00
_a2174990467
035 _aHN-62769
037 _bDBAD / PUB
040 b _aDPL
_bHN
082 _a
100 _919362
_aसूरी, कुलदीप सिंह
245 _aजंगल की संतान /
_cकुलदीप सिंह सूरी; अमरजीत कौर हंसपाल द्वारा अनुदित
260 _aनागपुर
_bविश्वभारती प्रकाशन
_c2009
270 _aधनवटे चेम्बर्स, सीताबर्ड़ी
_bनागपुर
_e12
_k0712 2526442
_l011 41611866
300 _a133पृ.
_c22सेमी (अजिल्द)
650 _91169
_aहिन्दी कथा साहित्य
700 _919359
_aअमरजीत कौर हंसपाल
942 _2ddc
_cHN
_h
_mसूरीकु
999 _c45077
_d45077